Statistics for All Russian Cities

Click here to take the quiz!

General Stats

  • This quiz has been taken 47 times
    (40 since last reset)
  • The average score is 121 of 1117

Answer Stats

PopulationRegionAnswers% Correct
13 104 177MoscowMoscow
93%
1 635 338Novosibirsk OblastNovosibirsk
80%
5 600 044St PetersburgSt Petersburg
77%
1 314 685Republic of TatarstanKazan
63%
1 196 913Krasnoyarsk KraiKrasnoyarsk
63%
1 110 836Omsk OblastOmsk
63%
1 163 645Samara OblastSamara
63%
466 609Tula OblastTula
63%
855 618Tyumen OblastTyumen
63%
1 182 517Chelyabinsk OblastChelyabinsk
60%
611 215Irkutsk OblastIrkutsk
60%
9 712Republic of KareliaKem
60%
549 362Kemerovo OblastKemerovo
60%
617 168Khabarovsk KraiKhabarovsk
60%
471 754Kirov OblastKirov
60%
27 661Kaluga OblastKirov
60%
1 213 477Nizhny Novgorod OblastNizhny Novgorod
60%
1 027 153Perm KraiPerm
60%
551 505Tomsk OblastTomsk
60%
1 121 291Krasnodar KraiKrasnodar
57%
267 422Murmansk OblastMurmansk
57%
539 236Orenburg OblastOrenburg
57%
27 656Yaroslavl OblastRostov
57%
1 135 968Rostov OblastRostov-on-Don
57%
891 898Saratov OblastSaratov
57%
414 756Tver OblastTver
57%
1 025 662Volgograd OblastVolgograd
57%
1 051 995Voronezh OblastVoronezh
57%
468 842Astrakhan OblastAstrakhan
53%
570 824Yaroslavl OblastYaroslavl
53%
298 617Arkhangelsk OblastArkhangelsk
50%
333 931Belgorod OblastBelgorod
50%
375 669Bryansk OblastBryansk
50%
360 687Ivanovo OblastIvanovo
50%
489 735Kaliningrad OblastKaliningrad
50%
434 703Kursk OblastKursk
50%
490 428Lipetsk OblastLipetsk
50%
492 376Penza OblastPenza
50%
523 203Ryazan OblastRyazan
50%
558 273SevastopolSevastopol
50%
1 157 994Republic of BashkortostanUfa
50%
1 539 371Sverdlovsk OblastYekaterinburg
50%
333 679Zabaikalsky KraiChita
47%
265 959Kostroma OblastKostroma
47%
296 633Oryol OblastOryol
47%
189 315Pskov OblastPskov
47%
446 599Krasnodar KraiSochi
47%
550 147Stavropol KraiStavropol
47%
436 138Republic of BuryatiaUlan-Ude
47%
613 334Ulyanovsk OblastUlyanovsk
47%
346 771Vladimir OblastVladimir
47%
361 154Republic of Sakha (Yakutia)Yakutsk
47%
185 348Republic of KhakassiaAbakan
43%
333 954Kaluga OblastKaluga
43%
89 834Magadan OblastMagadan
43%
235 793Republic of KareliaPetrozavodsk
43%
312 896Smolensk OblastSmolensk
43%
258 546Tambov OblastTambov
43%
223 191Novgorod OblastVeliky Novgorod
43%
311 628Vologda OblastVologda
43%
623 057Altai KraiBarnaul
40%
331 402Chechen RepublicGrozny
40%
8 374Ivanovo OblastKomsomolsk
40%
305 505Kurgan OblastKurgan
40%
409 255Chelyabinsk OblastMagnitogorsk
40%
220 042Republic of KomiSyktyvkar
40%
597 237Primorsky KraiVladivostok
40%
180 467Sakhalin OblastYuzhno-Sakhalinsk
40%
496 238Chuvash RepublicCheboksary
37%
533 565Kemerovo OblastNovokuznetsk
37%
162 992Kamchatka KraiPetropavlovsk-Kamchatsky
37%
312 252Republic of MordoviaSaransk
37%
12 569Chelyabinsk OblastSim
37%
179 862Primorsky KraiUssuriysk
37%
283 469Republic of Mari ElYoshkar-Ola
37%
12 998Chukotka Autonomous OkrugAnadyr
33%
218 386Irkutsk OblastAngarsk
33%
108 690Primorsky KraiArtyom
33%
68 536Jewish Autonomous OblastBirobidzhan
33%
221 244Irkutsk OblastBratsk
33%
301 040Vologda OblastCherepovets
33%
102 428Republic of KalmykiaElista
33%
620 591Udmurt RepublicIzhevsk
33%
136 096Primorsky KraiNakhodka
33%
245 961Kabardino-Balkarian RepublicNalchik
33%
312 400Moscow OblastPodolsk
33%
339 863Republic of CrimeaSimferopol
33%
292 886Republic of North Ossetia AlaniaVladikavkaz
33%
240 572Amur OblastBlagoveshchensk
30%
35 355Republic of BashkortostanBlagoveshchensk
30%
77 582Nizhny Novgorod OblastBor
30%
112 789Karachay-Cherkessian RepublicCherkessk
30%
64 957Republic of AltaiGorno-Altaysk
30%
109 745Khanty-Mansi Autonomous OkrugKhanty-Mansiysk
30%
257 006Moscow OblastKhimki
30%
8 933Murmansk OblastKola
30%
128 149Republic of TuvaKyzyl
30%
12 982Volgograd OblastLeninsk
30%
622 660Republic of DagestanMakhachkala
30%
139 687Republic of AdygeaMaykop
30%
545 750Republic of TatarstanNaberezhnye Chelny
30%
334 209Sverdlovsk OblastNizhny Tagil
30%
174 747Krasnoyarsk KraiNorilsk
30%
188 135Orenburg OblastOrsk
30%
222 489Rostov OblastShakhty
30%
99 877Tyumen OblastTobolsk
30%
78 081Republic of KomiUkhta
30%
526 851Moscow OblastBalashikha
27%
181 678Altai KraiBiysk
27%
126 078Republic of DagestanDerbent
27%
216 598Nizhny Novgorod OblastDzerzhinsk
27%
223 333Saratov OblastEngels
27%
152 683Republic of CrimeaKerch
27%
133 019Moscow OblastKolomna
27%
188 850Moscow OblastKrasnogorsk
27%
241 106Republic of TatarstanNizhnekamsk
27%
118 066Tula OblastNovomoskovsk
27%
261 626Krasnodar KraiNovorossiysk
27%
30 686Novosibirsk OblastOb
27%
48 619Yamalo-Nenets Autonomous OkrugSalekhard
27%
156 056Arkhangelsk OblastSeverodvinsk
27%
406 938Khanty-Mansi Autonomous OkrugSurgut
27%
242 327Rostov OblastTaganrog
27%
56 389Republic of KomiVorkuta
27%
71 772Leningrad OblastVyborg
27%
72 839Republic of CrimeaYalta
27%
82 534Krasnodar KraiYeysk
27%
82 695Krasnodar KraiAnapa
23%
103 997Nizhny Novgorod OblastArzamas
23%
58 875Voronezh OblastBorisoglebsk
23%
46 105Rostov OblastDonetsk
23%
92 684Leningrad OblastGatchina
23%
86 996Udmurt RepublicGlazov
23%
105 471Volgograd OblastKamyshin
23%
65 262Kirov OblastKirovo-Chepetsk
23%
24 271Murmansk OblastKirovsk
23%
27 089Leningrad OblastKirovsk
23%
88 525Moscow OblastKlin
23%
146 125Chelyabinsk OblastKopeysk
23%
21 181Republic of Sakha (Yakutia)Lensk
23%
147 449Chelyabinsk OblastMiass
23%
105 995Vladimir OblastMurom
23%
133 300Republic of BashkortostanNeftekamsk
23%
287 095Khanty-Mansi Autonomous OkrugNizhnevartovsk
23%
120 147Chuvash RepublicNovocheboksarsk
23%
160 782Rostov OblastNovocherkassk
23%
186 172Moscow OblastOdintsovo
23%
173 910Yaroslavl OblastRybinsk
23%
54 095Tver OblastRzhev
23%
69 983Chelyabinsk OblastTroitsk
23%
52 164Republic of Mari ElVolzhsk
23%
96 646Udmurt RepublicVotkinsk
23%
17 655Krasnoyarsk KraiYeniseysk
23%
99 925Krasnoyarsk KraiAchinsk
20%
164 145Republic of TatarstanAlmetyevsk
20%
48 748Murmansk OblastApatity
20%
184 219Krasnodar KraiArmavir
20%
80 757Rostov OblastAzov
20%
27 032Kaliningrad OblastBaltiysk
20%
80 199Republic of TatarstanBugulma
20%
155 421Moscow OblastDomodedovo
20%
143 182Moscow OblastElektrostal
20%
80 296Krasnodar KraiGelendzhik
20%
9 679Leningrad OblastIvangorod
20%
49 005Leningrad OblastKingisepp
20%
126 674Stavropol KraiKislovodsk
20%
226 936Moscow OblastKorolyov
20%
56 122Arkhangelsk OblastKotlas
20%
130 327Vladimir OblastKovrov
20%
62 173Perm KraiKungur
20%
16 931Republic of IngushetiaMagas
20%
27 174Arkhangelsk OblastMirny
20%
34 013Republic of Sakha (Yakutia)Mirny
20%
23 579Nenets Autonomous OkrugNaryan-Mar
20%
102 205Moscow OblastNoginsk
20%
73 122Altai KraiNovoaltaysk
20%
112 860Sverdlovsk OblastPervouralsk
20%
144 955Stavropol KraiPyatigorsk
20%
124 687Altai KraiRubtsovsk
20%
90 260Udmurt RepublicSarapul
20%
93 721Nizhny Novgorod OblastSarov
20%
133 646Moscow OblastSerpukhov
20%
105 797Tomsk OblastSeversk
20%
14 787Republic of KareliaSortavala
20%
7 556Tula OblastSovetsk
20%
14 495Kirov OblastSovetsk
20%
38 614Kaliningrad OblastSovetsk
20%
9 090Vladimir OblastSuzdal
20%
674 630Samara OblastTogliatti
20%
60 707Krasnodar KraiTuapse
20%
85 989Pskov OblastVelikiye Luki
20%
165 567Rostov OblastVolgodonsk
20%
51 199Smolensk OblastVyazma
20%
159 662Chelyabinsk OblastZlatoust
20%
55 943Vladimir OblastAleksandrov
17%
59 671Tula OblastAleksin
17%
20 357Republic of CrimeaArmyansk
17%
17 602Republic of CrimeaBelogorsk
17%
60 350Amur OblastBelogorsk
17%
7 407Republic of KareliaBelomorsk
17%
20 211Kostroma OblastBuy
17%
88 419Orenburg OblastBuzuluk
17%
87 039Moscow OblastChekhov
17%
58 368Republic of TatarstanChistopol
17%
64 307Moscow OblastDmitrov
17%
74 193Moscow OblastDubna
17%
25 933Smolensk OblastGagarin
17%
3 326Pskov OblastGdov
17%
4 211Republic of TatarstanInnopolis
17%
67 317Tyumen OblastIshim
17%
28 438Murmansk OblastKandalaksha
17%
86 034Krasnoyarsk KraiKansk
17%
157 466Republic of DagestanKhasavyurt
17%
62 275Bryansk OblastKlintsy
17%
62 208Nizhny Novgorod OblastKstovo
17%
77 491Penza OblastKuznetsk
17%
230 134Moscow OblastLyubertsy
17%
69 569Stavropol KraiMineralnye Vody
17%
266 436Moscow OblastMytishchi
17%
73 163Moscow OblastNaro-Fominsk
17%
124 086Republic of IngushetiaNazran
17%
124 989Khanty-Mansi Autonomous OkrugNefteyugansk
17%
13 266Volgograd OblastNikolayevsk
17%
74 959Orenburg OblastNovotroitsk
17%
106 764Yamalo-Nenets Autonomous OkrugNovy Urengoy
17%
5 436Kirov OblastOrlov
17%
1 447Kaliningrad OblastPrimorsk
17%
6 393Leningrad OblastPrimorsk
17%
114 000Moscow OblastRamenskoye
17%
147 296Republic of BashkortostanSalavat
17%
57 177Rostov OblastSalsk
17%
99 224Moscow OblastSergiyev Posad
17%
20 209Kostroma OblastSharya
17%
50 717Chelyabinsk OblastSnezhinsk
17%
27 183Novgorod OblastStaraya Russa
17%
279 174Republic of BashkortostanSterlitamak
17%
163 303Samara OblastSyzran
17%
23 588Novosibirsk OblastTatarsk
17%
54 286Leningrad OblastTikhvin
17%
316 544Volgograd OblastVolzhsky
17%
81 307Krasnoyarsk KraiZheleznogorsk
17%
96 206Kursk OblastZheleznogorsk
17%
10 502Perm KraiAleksandrovsk
13%
37 932Khabarovsk KraiAmursk
13%
42 685Chechen RepublicArgun
13%
1 453Krasnoyarsk KraiArtyomovsk
13%
56 533Sverdlovsk OblastAsbest
13%
28 506Republic of CrimeaBakhchisaray
13%
72 914Saratov OblastBalashov
13%
125 523Rostov OblastBataysk
13%
59 131Republic of BashkortostanBelebey
13%
67 950Kemerovo OblastBelovo
13%
102 965Novosibirsk OblastBerdsk
13%
36 011Republic of North Ossetia AlaniaBeslan
13%
14 239Voronezh OblastBoguchar
13%
57 121Stavropol KraiBudyonnovsk
13%
42 747Orenburg OblastBuguruslan
13%
53 415Irkutsk OblastCheremkhovo
13%
119 957Moscow OblastDolgoprudny
13%
9 248Smolensk OblastDorogobuzh
13%
19 473Krasnoyarsk KraiDudinka
13%
57 700Moscow OblastDzerzhinsky
13%
65 077Republic of CrimeaFeodosia
13%
56 781Novosibirsk OblastIskitim
13%
13 835Tver OblastKashin
13%
45 231Moscow OblastKashira
13%
27 821Ryazan OblastKasimov
13%
125 747Republic of DagestanKaspiysk
13%
3 137Novgorod OblastKholm
13%
7 069Vologda OblastKirillov
13%
54 420Krasnodar KraiKrymsk
13%
35 325Chelyabinsk OblastKyshtym
13%
90 412Kemerovo OblastLeninsk-Kuznetsky
13%
52 708Voronezh OblastLiski
13%
37 536Leningrad OblastLuga
13%
40 386Kemerovo OblastMariinsk
13%
95 408Kemerovo OblastMezhdurechensk
13%
69 068Krasnoyarsk KraiMinusinsk
13%
33 365Moscow OblastMozhaysk
13%
53 526Republic of Sakha (Yakutia)Neryungri
13%
32 826Arkhangelsk OblastNovodvinsk
13%
101 708Rostov OblastNovoshakhtinsk
13%
101 235Yamalo-Nenets Autonomous OkrugNoyabrsk
13%
129 584Kaluga OblastObninsk
13%
19 888Sakhalin OblastOkha
13%
105 542Moscow OblastOrekhovo-Zuyevo
13%
76 434Chelyabinsk OblastOzyorsk
13%
4 321Kaliningrad OblastOzyorsk
13%
21 917Voronezh OblastPavlovsk
13%
34 383Republic of KomiPechora
13%
25 814Saratov OblastPetrovsk
13%
174 859Kemerovo OblastProkopyevsk
13%
113 140Moscow OblastReutov
13%
60 262Voronezh OblastRossosh
13%
93 192Sverdlovsk OblastSerov
13%
43 394Murmansk OblastSeveromorsk
13%
38 925Belgorod OblastShebekino
13%
53 910Ivanovo OblastShuya
13%
88 789Perm KraiSolikamsk
13%
23 841Khabarovsk KraiSovetskaya Gavan
13%
6 921Penza OblastSpassk
13%
17 485Bryansk OblastStarodub
13%
218 340Belgorod OblastStary Oskol
13%
48 789Amur OblastSvobodny
13%
33 966Irkutsk OblastTayshet
13%
11 174Tver OblastToropets
13%
32 228Yaroslavl OblastUglich
13%
6 489Perm KraiUsolye
13%
78 445Irkutsk OblastUst-Ilimsk
13%
28 266Vologda OblastVeliky Ustyug
13%
768Republic of Sakha (Yakutia)Verkhoyansk
13%
26 181Moscow OblastVolokolamsk
13%
106 763Republic of CrimeaYevpatoria
13%
78 494Kemerovo OblastYurga
13%
12 208Republic of TuvaAk-Dovurak
10%
35 171Astrakhan OblastAkhtubinsk
10%
31 550Chuvash RepublicAlatyr
10%
21 490Republic of Sakha (Yakutia)Aldan
10%
8 769Sakhalin OblastAleksandrovsk-Sakhalinsky
10%
9 040Republic of CrimeaAlupka
10%
30 409Republic of CrimeaAlushta
10%
65 320Kemerovo OblastAnzhero-Sudzhensk
10%
20 106Republic of TatarstanArsk
10%
27 442Chelyabinsk OblastAsha
10%
182 758Saratov OblastBalakovo
10%
9 527Kirov OblastBelaya Kholunitsa
10%
64 212Republic of BashkortostanBeloretsk
10%
8 183Vologda OblastBelozersk
10%
3 044Tver OblastBely
10%
135 533Perm KraiBerezniki
10%
15 875Khabarovsk KraiBikin
10%
29 895Sverdlovsk OblastBogdanovich
10%
8 228Republic of TatarstanBolgar
10%
75 324Perm KraiChaykovsky
10%
904Tula OblastChekalin
10%
109 547Ulyanovsk OblastDimitrovgrad
10%
27 679Krasnoyarsk KraiDivnogorsk
10%
59 606Moscow OblastFryazino
10%
28 414Nizhny Novgorod OblastGorodets
10%
28 820Kaliningrad OblastGusev
10%
50 065Vladimir OblastGus-Khrustalny
10%
19 529Republic of KomiInta
10%
57 365Republic of DagestanIzberbash
10%
84 542Rostov OblastKamensk-Shakhtinsky
10%
162 177Sverdlovsk OblastKamensk-Uralsky
10%
10 339Chelyabinsk OblastKarabash
10%
8 737Arkhangelsk OblastKargopol
10%
50 346Leningrad OblastKirishi
10%
8 263Kirov OblastKirs
10%
15 319Perm KraiKizel
10%
50 526Republic of DagestanKizlyar
10%
236 158Khabarovsk KraiKomsomolsk-on-Amur
10%
25 928Republic of KareliaKostomuksha
10%
19 631Kirov OblastKotelnich
10%
26 583Moscow OblastKrasnoarmeysk
10%
21 134Saratov OblastKrasnoarmeysk
10%
51 261Zabaikalsky KraiKrasnokamensk
10%
37 307Sverdlovsk OblastKrasnoufimsk
10%
64 904Leningrad OblastKudrovo
10%
28 630Perm KraiKudymkar
10%
60 595Republic of TatarstanLeninogorsk
10%
55 241Krasnoyarsk KraiLesosibirsk
10%
28 444Saratov OblastMarx
10%
89 262Tambov OblastMichurinsk
10%
12 259Zabaikalsky KraiMogocha
10%
39 477Murmansk OblastMonchegorsk
10%
104 611Leningrad OblastMurino
10%
45 229Yamalo-Nenets Autonomous OkrugNadym
10%
115 826Stavropol KraiNevinnomyssk
10%
7 642Kostroma OblastNeya
10%
8 109Kirov OblastNolinsk
10%
97 163Samara OblastNovokuybyshevsk
10%
77 894Sverdlovsk OblastNovouralsk
10%
63 054Khanty-Mansi Autonomous OkrugNyagan
10%
7 831Jewish Autonomous OblastObluchye
10%
20 875Murmansk OblastOlenegorsk
10%
8 457Republic of Sakha (Yakutia)Olyokminsk
10%
16 449Arkhangelsk OblastOnega
10%
31 133Voronezh OblastOstrogozhsk
10%
65 142Moscow OblastPavlovsky Posad
10%
111 738Moscow OblastPushkino
10%
59 521Sverdlovsk OblastRevda
10%
44 216Smolensk OblastRoslavl
10%
70 921Leningrad OblastSertolovo
10%
24 029Sverdlovsk OblastSeverouralsk
10%
68 102Kurgan OblastShadrinsk
10%
56 005Chechen RepublicShali
10%
13 918Leningrad OblastShlisselburg
10%
28 603Kirov OblastSlobodskoy
10%
48 489Moscow OblastSolnechnogorsk
10%
64 121Leningrad OblastSosnovy Bor
10%
62 525Republic of IngushetiaSunzha
10%
4 297Magadan OblastSusuman
10%
16 771Kaliningrad OblastSvetlogorsk
10%
14 547Sverdlovsk OblastTalitsa
10%
32 272Sverdlovsk OblastTavda
10%
40 994Krasnodar KraiTemryuk
10%
40 172Tver OblastTorzhok
10%
28 160Amur OblastTynda
10%
12 270Nizhny Novgorod OblastUren
10%
64 811Chechen RepublicUrus-Martan
10%
35 449Volgograd OblastUryupinsk
10%
21 016Chelyabinsk OblastUst-Katav
10%
11 805Krasnoyarsk KraiUyar
10%
13 887Novgorod OblastValday
10%
73 727Sverdlovsk OblastVerkhnyaya Pyshma
10%
53 623Saratov OblastVolsk
10%
29 227Kirov OblastVyatskiye Polyany
10%
44 731Nizhny Novgorod OblastVyksa
10%
13 944Kirov OblastYaransk
10%
73 890Republic of TatarstanYelabuga
10%
96 918Lipetsk OblastYelets
10%
10 779Republic of KomiYemva
10%
37 313Chelyabinsk OblastYuzhnouralsk
10%
99 078Republic of TatarstanZelenodolsk
10%
53 402Krasnoyarsk KraiZelenogorsk
10%
15 656Kaluga OblastZhukov
10%
110 507Moscow OblastZhukovsky
10%
30 181Irkutsk OblastZima
10%
37 154Moscow OblastZvenigorod
10%
12 055Republic of KhakassiaAbaza
7%
16 987Orenburg OblastAbdulino
7%
38 866Krasnodar KraiAbinsk
7%
21 315Republic of North Ossetia AlaniaAlagir
7%
35 972Sverdlovsk OblastAlapayevsk
7%
47 306Primorsky KraiArsenyev
7%
4 282Republic of BuryatiaBabushkin
7%
20 016Khanty-Mansi Autonomous OkrugBeloyarsky
7%
43 816Kemerovo OblastBeryozovsky
7%
60 566Sverdlovsk OblastBeryozovsky
7%
20 978Tver OblastBezhetsk
7%
5 409Chukotka Autonomous OkrugBilibino
7%
44 859Republic of BashkortostanBirsk
7%
8 549Irkutsk OblastBiryusinsk
7%
20 625Voronezh OblastBobrov
7%
7 843Irkutsk OblastBodaybo
7%
34 372Nizhny Novgorod OblastBogorodsk
7%
15 674Leningrad OblastBoksitogorsk
7%
47 353Novgorod OblastBorovichi
7%
29 303Zabaikalsky KraiBorzya
7%
68 991Republic of DagestanBuynaksk
7%
69 169Samara OblastChapayevsk
7%
44 671Chelyabinsk OblastChebarkul
7%
4 502Perm KraiCherdyn
7%
75 556Republic of KhakassiaChernogorsk
7%
44 780Perm KraiChusovoy
7%
31 894Republic of DagestanDagestanskiye Ogni
7%
33 030Primorsky KraiDalnegorsk
7%
23 028Primorsky KraiDalnerechensk
7%
13 591Yaroslavl OblastDanilov
7%
24 889Smolensk OblastDesnogorsk
7%
7 749Pskov OblastDno
7%
63 038Tula OblastDonskoy
7%
24 602Bryansk OblastDyatkovo
7%
29 930Moscow OblastElektrogorsk
7%
12 600Kostroma OblastGalich
7%
32 637Orenburg OblastGay
7%
62 036Stavropol KraiGeorgiyevsk
7%
10 890Perm KraiGornozavodsk
7%
8 172Republic of KalmykiaGorodovikovsk
7%
84 357Belgorod OblastGubkin
7%
24 415Republic of BuryatiaGusinoozyorsk
7%
15 753Krasnoyarsk KraiIlansky
7%
36 587Sverdlovsk OblastIrbit
7%
36 085Moscow OblastIstra
7%
83 725Moscow OblastIvanteyevka
7%
14 041Sverdlovsk OblastIvdel
7%
36 910Sverdlovsk OblastKachkanar
7%
17 131Voronezh OblastKalach
7%
12 239Tver OblastKalyazin
7%
16 125Astrakhan OblastKamyzyak
7%
26 679Chelyabinsk OblastKartaly
7%
1 816Tomsk OblastKedrovy
7%
9 823Zabaikalsky KraiKhilok
7%
26 121Tula OblastKimovsk
7%
75 823Ivanovo OblastKineshma
7%
25 312Tula OblastKireyevsk
7%
81 887Kemerovo OblastKiselyovsk
7%
41 391Krasnodar KraiKorenovsk
7%
33 259Sakhalin OblastKorsakov
7%
15 423Murmansk OblastKovdor
7%
47 968Perm KraiKrasnokamsk
7%
55 727Sverdlovsk OblastKrasnoturyinsk
7%
21 384Sverdlovsk OblastKrasnouralsk
7%
74 893Krasnodar KraiKropotkin
7%
23 303Moscow OblastKubinka
7%
57 812Republic of BashkortostanKumertau
7%
2 537Sakhalin OblastKurilsk
7%
41 754Novosibirsk OblastKuybyshev
7%
56 128Krasnodar KraiLabinsk
7%
13 670Republic of KalmykiaLagan
7%
48 231Sverdlovsk OblastLesnoy
7%
18 677Leningrad OblastLodeynoye Pole
7%
8 788Kirov OblastLuza
7%
53 057Perm KraiLysva
7%
6 809Kirov OblastMalmyzh
7%
12 744Kostroma OblastManturovo
7%
11 737Republic of KareliaMedvezhyegorsk
7%
55 676Republic of BashkortostanMeleuz
7%
2 832Arkhangelsk OblastMezen
7%
10 085Ryazan OblastMikhaylov
7%
55 029Volgograd OblastMikhaylovka
7%
112 793Stavropol KraiMikhaylovsk
7%
9 714Sverdlovsk OblastMikhaylovsk
7%
34 222Rostov OblastMillerovo
7%
44 038Udmurt RepublicMozhga
7%
36 070Oryol OblastMtsensk
7%
5 544Kirov OblastMurashi
7%
5 551Yaroslavl OblastMyshkin
7%
15 137Zabaikalsky KraiNerchinsk
7%
13 534Pskov OblastNevel
7%
17 983Khabarovsk KraiNikolayevsk-on-Amur
7%
16 233Sverdlovsk OblastNizhnyaya Salda
7%
26 410Stavropol KraiNovoaleksandrovsk
7%
30 495Voronezh OblastNovovoronezh
7%
20 190Samara OblastOktyabrsk
7%
116 282Republic of BashkortostanOktyabrsky
7%
19 371Kirov OblastOmutninsk
7%
39 549Kemerovo OblastOsinniki
7%
16 328Tver OblastOstashkov
7%
20 839Pskov OblastOstrov
7%
1 412Murmansk OblastOstrovnoy
7%
56 288Nizhny Novgorod OblastPavlovo
7%
9 808Pskov OblastPechory
7%
36 773Yaroslavl OblastPereslavl-Zalessky
7%
4 230Chukotka Autonomous OkrugPevek
7%
14 583Bryansk OblastPochep
7%
15 779Leningrad OblastPodporozhye
7%
26 875Samara OblastPokhvistnevo
7%
17 670Vladimir OblastPokrov
7%
54 364Sverdlovsk OblastPolevskoy
7%
12 154Murmansk OblastPolyarny
7%
15 953Sakhalin OblastPoronaysk
7%
5 114Yaroslavl OblastPoshekhonye
7%
18 526Leningrad OblastPriozersk
7%
44 635Khanty-Mansi Autonomous OkrugRaduzhny
7%
17 392Vladimir OblastRaduzhny
7%
15 860Amur OblastRaychikhinsk
7%
15 703Moscow OblastRuza
7%
44 168Republic of KhakassiaSayanogorsk
7%
35 593Irkutsk OblastSayansk
7%
6 070Pskov OblastSebezh
7%
2 439Sakhalin OblastSevero-Kurilsk
7%
17 575Nizhny Novgorod OblastShakhunya
7%
33 290Krasnoyarsk KraiSharypovo
7%
37 294Moscow OblastShatura
7%
53 556Tula OblastShchyokino
7%
16 178Amur OblastShimanovsk
7%
6 687Amur OblastSkovorodino
7%
17 954Irkutsk OblastSlyudyanka
7%
34 298Vologda OblastSokol
7%
25 754Orenburg OblastSol-Iletsk
7%
28 185Orenburg OblastSorochinsk
7%
22 032Republic of KomiSosnogorsk
7%
31 171Khanty-Mansi Autonomous OkrugSovetsky
7%
4 591Ryazan OblastSpas-Klepiki
7%
35 096Primorsky KraiSpassk-Dalny
7%
23 651Sverdlovsk OblastSredneuralsk
7%
38 060Tomsk OblastStrezhevoy
7%
63 820Moscow OblastStupino
7%
32 461Sverdlovsk OblastSukhoy Log
7%
35 196Stavropol KraiSvetlograd
7%
20 436Sverdlovsk OblastSysert
7%
27 146Omsk OblastTara
7%
22 092Kemerovo OblastTayga
7%
51 398Krasnodar KraiTimashyovsk
7%
6 320Republic of Sakha (Yakutia)Tommot
7%
32 961Leningrad OblastTosno
7%
7 429Amur OblastTsiolkovsky
7%
37 847Irkutsk OblastTulun
7%
16 594Sverdlovsk OblastTurinsk
7%
68 379Republic of BashkortostanTuymazy
7%
36 198Republic of BashkortostanUchaly
7%
13 349Republic of Sakha (Yakutia)Udachny
7%
41 141Khanty-Mansi Autonomous OkrugUray
7%
8 336Kirov OblastUrzhum
7%
31 358Republic of KomiUsinsk
7%
73 507Irkutsk OblastUsolye-Sibirskoye
7%
6 094Smolensk OblastVelizh
7%
21 406Arkhangelsk OblastVelsk
7%
4 937Moscow OblastVereya
7%
40 474Sverdlovsk OblastVerkhnyaya Salda
7%
9 925Sverdlovsk OblastVerkhny Tagil
7%
103 957Moscow OblastVidnoye
7%
10 045Republic of Sakha (Yakutia)Vilyuysk
7%
95 037Moscow OblastVoskresensk
7%
12 791Khabarovsk KraiVyazemsky
7%
7 801Chuvash RepublicYadrin
7%
38 882Tyumen OblastYalutorovsk
7%
25 635Republic of BashkortostanYanaul
7%
71 322Moscow OblastYegoryevsk
7%
36 199Kamchatka KraiYelizovo
7%
8 065Smolensk OblastYelnya
7%
121 534Stavropol KraiYessentuki
7%
10 130Chelyabinsk OblastYuryuzan
7%
28 517Sverdlovsk OblastZarechny
7%
58 550Penza OblastZarechny
7%
27 132Tyumen OblastZavodoukovsk
7%
17 133Kaliningrad OblastZelenogradsk
7%
21 111Irkutsk OblastZheleznogorsk-Ilimsky
7%
22 418Stavropol KraiZheleznovodsk
7%
49 301Samara OblastZhigulyovsk
7%
13 191Republic of AdygeaAdygeysk
3%
14 002Republic of BashkortostanAgidel
3%
48 714Rostov OblastAksay
3%
36 075Belgorod OblastAlekseyevka
3%
24 804Altai KraiAleysk
3%
6 733Tver OblastAndreapol
3%
37 137Moscow OblastAprelevka
3%
39 577Krasnodar KraiApsheronsk
3%
19 805Sverdlovsk OblastAramil
3%
8 698Republic of MordoviaArdatov
3%
28 775Sverdlovsk OblastArtyomovsky
3%
21 952Saratov OblastAtkarsk
3%
11 646Vologda OblastBabayevo
3%
6 379Kaliningrad OblastBagrationovsk
3%
12 965Irkutsk OblastBaikalsk
3%
16 103Chelyabinsk OblastBakal
3%
30 194Kaluga OblastBalabanovo
3%
47 746Nizhny Novgorod OblastBalakhna
3%
27 534Novosibirsk OblastBarabinsk
3%
8 519Penza OblastBelinsky
3%
14 791Altai KraiBelokurikha
3%
13 571Moscow OblastBeloozyorsky
3%
55 010Krasnodar KraiBelorechensk
3%
10 980Kaluga OblastBelousovo
3%
12 530Tula OblastBelyov
3%
7 026Belgorod OblastBiryuch
3%
30 713Stavropol KraiBlagodarny
3%
29 360Tula OblastBogoroditsk
3%
17 841Krasnoyarsk KraiBogotol
3%
9 359Oryol OblastBolkhov
3%
19 693Tver OblastBologoye
3%
9 246Tula OblastBolokhovo
3%
15 460Novosibirsk OblastBolotnoye
3%
40 448Primorsky KraiBolshoy Kamen
3%
12 686Kaluga OblastBorovsk
3%
21 294Moscow OblastBronnitsy
3%
19 741Republic of TatarstanBuinsk
3%
9 566Republic of TuvaChadan
3%
11 627Lipetsk OblastChaplygin
3%
20 837Kabardino-Balkarian RepublicChegem
3%
19 027Moscow OblastChernogolovka
3%
33 092Perm KraiChernushka
3%
35 705Kaliningrad OblastChernyakhovsk
3%
10 929Novosibirsk OblastChulym
3%
18 594Lipetsk OblastDankov
3%
21 391Republic of BashkortostanDavlekanovo
3%
30 652Moscow OblastDedovsk
3%
15 061Sverdlovsk OblastDegtyarsk
3%
6 317Smolensk OblastDemidov
3%
9 994Republic of North Ossetia AlaniaDigora
3%
6 171Kursk OblastDmitriyev
3%
5 177Oryol OblastDmitrovsk
3%
12 246Moscow OblastDrezna
3%
3 915Smolensk OblastDukhovshchina
3%
31 205Republic of BashkortostanDyurtyuli
3%
36 157Republic of CrimeaDzhankoy
3%
17 830Moscow OblastElektrougli
3%
9 789Voronezh OblastErtil
3%
4 619Kursk OblastFatezh
3%
12 245Bryansk OblastFokino
3%
19 427Primorsky KraiFokino
3%
34 494Volgograd OblastFrolovo
3%
29 131Ivanovo OblastFurmanov
3%
9 088Murmansk OblastGadzhiyevo
3%
5 236Ivanovo OblastGavrilov Posad
3%
15 766Yaroslavl OblastGavrilov-Yam
3%
22 908Moscow OblastGolitsyno
3%
1 971Nizhny Novgorod OblastGorbatov
3%
12 310Vladimir OblastGorokhovets
3%
41 482Krasnodar KraiGoryachy Klyuch
3%
5 966Belgorod OblastGrayvoron
3%
43 799Lipetsk OblastGryazi
3%
14 424Vologda OblastGryazovets
3%
33 869Yamalo-Nenets Autonomous OkrugGubkinsky
3%
65 534Chechen RepublicGudermes
3%
59 293Rostov OblastGukovo
3%
33 175Krasnodar KraiGulkevichi
3%
21 801Kemerovo OblastGuryevsk
3%
27 751Kaliningrad OblastGuryevsk
3%
13 962Kaliningrad OblastGvardeysk
3%
3 468Krasnoyarsk KraiIgarka
3%
7 710Republic of MordoviaInsar
3%
16 048Ulyanovsk OblastInza
3%
63 171Republic of BashkortostanIshimbay
3%
20 050Omsk OblastIsilkul
3%
38 177Stavropol KraiIzobilny
3%
20 825Omsk OblastKalachinsk
3%
23 776Volgograd OblastKalach-on-Don
3%
14 748Saratov OblastKalininsk
3%
21 334Kemerovo OblastKaltan
3%
9 916Udmurt RepublicKambarka
3%
33 060Penza OblastKamenka
3%
7 068Leningrad OblastKamennogorsk
3%
31 933Altai KraiKamen-on-Ob
3%
11 857Vladimir OblastKameshkovo
3%
26 933Sverdlovsk OblastKamyshlov
3%
44 257Chuvash RepublicKanash
3%
13 117Vladimir OblastKarabanovo
3%
43 772Republic of IngushetiaKarabulak
3%
23 728Karachay-Cherkessian RepublicKarachayevsk
3%
17 010Bryansk OblastKarachyov
3%
8 273Novosibirsk OblastKargat
3%
25 396Sverdlovsk OblastKarpinsk
3%
15 006Chelyabinsk OblastKasli
3%
14 454Chelyabinsk OblastKatav-Ivanovsk
3%
21 829Krasnodar KraiKhadyzhensk
3%
18 296Astrakhan OblastKharabali
3%
8 361Vologda OblastKharovsk
3%
25 082Sakhalin OblastKholmsk
3%
20 515Moscow OblastKhotkovo
3%
11 956Saratov OblastKhvalynsk
3%
39 764Tver OblastKimry
3%
10 817Irkutsk OblastKirensk
3%
18 497Sverdlovsk OblastKirovgrad
3%
26 548Vladimir OblastKirzhach
3%
13 089Krasnoyarsk KraiKodinsk
3%
62 062Khanty-Mansi Autonomous OkrugKogalym
3%
30 592Ivanovo OblastKokhma
3%
38 492Vladimir OblastKolchugino
3%
32 151Tver OblastKonakovo
3%
15 734Kaluga OblastKondrovo
3%
16 910Rostov OblastKonstantinovsk
3%
10 084Ryazan OblastKorablino
3%
36 591Chelyabinsk OblastKorkino
3%
6 992Vladimir OblastKosteryovo
3%
68 758Moscow OblastKotelniki
3%
21 885Volgograd OblastKotelnikovo
3%
26 309Tambov OblastKotovsk
3%
16 603Kaluga OblastKozelsk
3%
19 355Republic of Mari ElKozmodemyansk
3%
5 460Vologda OblastKrasavino
3%
25 381Republic of CrimeaKrasnoperekopsk
3%
8 701Republic of MordoviaKrasnoslobodsk
3%
16 327Volgograd OblastKrasnoslobodsk
3%
14 164Perm KraiKrasnovishersk
3%
14 432Moscow OblastKrasnozavodsk
3%
3 374Kaliningrad OblastKrasnoznamensk
3%
44 402Moscow OblastKrasnoznamensk
3%
4 911Tver OblastKrasny Kholm
3%
13 878Saratov OblastKrasny Kut
3%
35 347Rostov OblastKrasny Sulin
3%
11 637Kaluga OblastKremyonki
3%
24 302Chechen RepublicKurchaloy
3%
39 504Kursk OblastKurchatov
3%
6 100Vladimir OblastKurlovo
3%
19 803Moscow OblastKurovskoye
3%
16 934Chelyabinsk OblastKusa
3%
26 891Sverdlovsk OblastKushva
3%
9 084Tver OblastKuvshinovo
3%
3 634Kaliningrad OblastLadushkin
3%
5 855Republic of KareliaLakhdenpokhya
3%
12 459Vladimir OblastLakinsk
3%
43 407Khanty-Mansi Autonomous OkrugLangepas
3%
34 967Primorsky KraiLesozavodsk
3%
17 041Kursk OblastLgov
3%
10 859Tver OblastLikhoslavl
3%
34 013Moscow OblastLikino-Dulyovo
3%
8 277Tula OblastLipki
3%
42 928Oryol OblastLivny
3%
81 968Moscow OblastLobnya
3%
29 264Moscow OblastLosino-Petrovsky
3%
29 845Moscow OblastLukhovitsy
3%
12 495Nizhny Novgorod OblastLukoyanov
3%
21 412Nizhny Novgorod OblastLyskovo
3%
66 079Moscow OblastLytkarino
3%
4 431Leningrad OblastLyuban
3%
4 987Yaroslavl OblastLyubim
3%
35 276Kaluga OblastLyudinovo
3%
9 805Novgorod OblastMalaya Vishera
3%
37 339Republic of IngushetiaMalgobek
3%
3 512Oryol OblastMaloarkhangelsk
3%
41 511Kaluga OblastMaloyaroslavets
3%
8 295Kaliningrad OblastMamonovo
3%
23 364Orenburg OblastMednogorsk
3%
8 042Kaluga OblastMedyn
3%
52 652Khanty-Mansi Autonomous OkrugMegion
3%
13 147Vladimir OblastMelyonki
3%
3 722Kaluga OblastMeshchovsk
3%
6 759Bryansk OblastMglin
3%
8 364Chelyabinsk OblastMinyar
3%
23 924Rostov OblastMorozovsk
3%
38 541Tambov OblastMorshansk
3%
4 251Kaluga OblastMosalsk
3%
35 662Republic of North Ossetia AlaniaMozdok
3%
29 306Yamalo-Nenets Autonomous OkrugMuravlenko
3%
39 709Kemerovo OblastMyski
3%
32 982Kabardino-Balkarian RepublicNartkala
3%
7 923Ivanovo OblastNavoloki
3%
44 761Krasnoyarsk KraiNazarovo
3%
10 236Omsk OblastNazyvayevsk
3%
23 075Stavropol KraiNeftekumsk
3%
18 110Tver OblastNelidovo
3%
9 216Kaliningrad OblastNeman
3%
19 435Kostroma OblastNerekhta
3%
3 342Kaliningrad OblastNesterov
3%
10 528Sakhalin OblastNevelsk
3%
7 607Vologda OblastNikolsk
3%
19 513Penza OblastNikolsk
3%
21 863Leningrad OblastNikolskoye
3%
29 681Irkutsk OblastNizhneudinsk
3%
7 777Sverdlovsk OblastNizhniye Sergi
3%
17 985Sverdlovsk OblastNizhnyaya Tura
3%
20 278Penza OblastNizhny Lomov
3%
10 530Sverdlovsk OblastNovaya Lyalya
3%
5 789Voronezh OblastNovokhopyorsk
3%
33 487Krasnodar KraiNovokubansk
3%
16 752Ryazan OblastNovomichurinsk
3%
20 595Stavropol KraiNovopavlovsk
3%
3 195Pskov OblastNovorzhev
3%
6 765Pskov OblastNovosokolniki
3%
13 503Ulyanovsk OblastNovoulyanovsk
3%
38 355Bryansk OblastNovozybkov
3%
33 386Republic of TatarstanNurlat
3%
10 198Chelyabinsk OblastNyazepetrovsk
3%
16 463Perm KraiNytva
3%
10 055Republic of Sakha (Yakutia)Nyurba
3%
11 754Kursk OblastOboyan
3%
14 294Perm KraiOcher
3%
6 290Perm KraiOkhansk
3%
9 538Novgorod OblastOkulovka
3%
7 631Republic of KareliaOlonets
3%
9 541Pskov OblastOpochka
3%
19 369Perm KraiOsa
3%
25 402Leningrad OblastOtradnoye
3%
46 755Samara OblastOtradny
3%
23 966Moscow OblastOzyory
3%
33 165Primorsky KraiPartizansk
3%
11 571Moscow OblastPeresvet
3%
13 080Nizhny Novgorod OblastPervomaysk
3%
13 731Novgorod OblastPestovo
3%
14 683Zabaikalsky KraiPetrovsk-Zabaikalsky
3%
12 802Vladimir OblastPetushki
3%
20 169Leningrad OblastPikalyovo
3%
18 243Chelyabinsk OblastPlast
3%
16 979Tula OblastPlavsk
3%
1 847Ivanovo OblastPlyos
3%
7 404Smolensk OblastPochinok
3%
11 991Republic of Sakha (Yakutia)Pokrovsk
3%
6 954Kaliningrad OblastPolessk
3%
14 078Murmansk OblastPolyarnye Zori
3%
25 502Kemerovo OblastPolysayevo
3%
7 102Pskov OblastPorkhov
3%
16 303Voronezh OblastPovorino
3%
3 934Kaliningrad OblastPravdinsk
3%
30 465Krasnodar KraiPrimorsko-Akhtarsk
3%
14 137Ivanovo OblastPrivolzhsk
3%
59 778Kabardino-Balkarian RepublicProkhladny
3%
36 985Moscow OblastProtvino
3%
6 654Ivanovo OblastPuchezh
3%
7 207Republic of KareliaPudozh
3%
39 615Saratov OblastPugachyov
3%
19 392Moscow OblastPushchino
3%
3 947Pskov OblastPustoshka
3%
5 278Pskov OblastPytalovo
3%
40 253Khanty-Mansi Autonomous OkrugPyt-Yakh
3%
46 961Tambov OblastRasskazovo
3%
23 773Ivanovo OblastRodniki
3%
21 042Moscow OblastRoshal
3%
37 519Saratov OblastRtishchevo
3%
42 421Republic of MordoviaRuzayevka
3%
20 197Ryazan OblastRyazhsk
3%
21 200Ryazan OblastRybnoye
3%
15 049Kursk OblastRylsk
3%
37 443Smolensk OblastSafonovo
3%
23 691Republic of CrimeaSaki
3%
21 220Ryazan OblastSasovo
3%
42 062Chelyabinsk OblastSatka
3%
15 611Bryansk OblastSeltso
3%
27 948Voronezh OblastSemiluki
3%
24 824Nizhny Novgorod OblastSemyonov
3%
6 353Ulyanovsk OblastSengiley
3%
8 527Volgograd OblastSerafimovich
3%
29 775Penza OblastSerdobsk
3%
24 431Republic of BuryatiaSeverobaikalsk
3%
6 613Bryansk OblastSevsk
3%
11 724Republic of TuvaShagonar
3%
5 791Ryazan OblastShatsk
3%
14 601Kursk OblastShchigry
3%
8 026Kurgan OblastShchuchye
3%
135 509Moscow OblastShchyolkovo
3%
11 789Zabaikalsky KraiShilka
3%
26 321Chuvash RepublicShumerlya
3%
56 327Republic of BashkortostanSibay
3%
34 113Leningrad OblastSlantsy
3%
61 449Krasnodar KraiSlavyansk-on-Kuban
3%
10 023Murmansk OblastSnezhnogorsk
3%
11 259Kaluga OblastSosensky
3%
8 200Kirov OblastSosnovka
3%
40 619Krasnoyarsk KraiSosnovoborsk
3%
4 592Kaluga OblastSpas-Demensk
3%
5 705Ryazan OblastSpassk-Ryazansky
3%
3 118Republic of Sakha (Yakutia)Srednekolymsk
3%
5 975Zabaikalsky KraiSretensk
3%
23 102Moscow OblastStaraya Kupavna
3%
6 755Tver OblastStaritsa
3%
23 559Belgorod OblastStroitel
3%
11 428Vladimir OblastStrunino
3%
10 150Vladimir OblastSudogda
3%
5 045Kursk OblastSudzha
3%
14 407Kaluga OblastSukhinichi
3%
6 819Republic of KareliaSuoyarvi
3%
10 995Bryansk OblastSurazh
3%
5 886Penza OblastSursk
3%
17 474Tula OblastSuvorov
3%
21 054Kaliningrad OblastSvetly
3%
13 535Leningrad OblastSvetogorsk
3%
12 417Leningrad OblastSyasstroy
3%
7 467Smolensk OblastSychyovka
3%
17 099Moscow OblastTaldom
3%
21 670Kemerovo OblastTashtagol
3%
6 304Republic of MordoviaTemnikov
3%
19 990Kabardino-Balkarian RepublicTerek
3%
30 763Ivanovo OblastTeykovo
3%
54 582Krasnodar KraiTikhoretsk
3%
20 465Novosibirsk OblastToguchin
3%
26 861Kemerovo OblastTopki
3%
8 647Vologda OblastTotma
3%
13 119Bryansk OblastTrubchevsk
3%
14 713Rostov OblastTsimlyansk
3%
4 985Republic of TuvaTuran
3%
39 317Yaroslavl OblastTutayev
3%
22 061Kabardino-Balkarian RepublicTyrnyauz
3%
25 490Tver OblastUdomlya
3%
23 881Bryansk OblastUnecha
3%
31 357Karachay-Cherkessian RepublicUst-Dzheguta
3%
36 153Irkutsk OblastUst-Kut
3%
39 050Krasnodar KraiUst-Labinsk
3%
7 653Vologda OblastUstyuzhna
3%
23 162Tambov OblastUvarovo
3%
48 301Tula OblastUzlovaya
3%
32 265Belgorod OblastValuyki
3%
12 482Tula OblastVenyov
3%
22 077Perm KraiVereshchagino
3%
8 861Chelyabinsk OblastVerkhneuralsk
3%
8 465Sverdlovsk OblastVerkhnyaya Tura
3%
22 548Chelyabinsk OblastVerkhny Ufaley
3%
6 578Sverdlovsk OblastVerkhoturye
3%
6 129Tver OblastVesyegonsk
3%
7 535Nizhny Novgorod OblastVetluga
3%
30 010Ivanovo OblastVichuga
3%
21 414Irkutsk OblastVikhorevka
3%
21 834Kamchatka KraiVilyuchinsk
3%
8 392Sverdlovsk OblastVolchansk
3%
14 063Kostroma OblastVolgorechensk
3%
37 955Leningrad OblastVolkhov
3%
9 628Nizhny Novgorod OblastVolodarsk
3%
11 647Leningrad OblastVolosovo
3%
10 028Nizhny Novgorod OblastVorsma
3%
78 849Leningrad OblastVsevolozhsk
3%
9 198Republic of KomiVuktyl
3%
44 489Tver OblastVyshny Volochyok
3%
13 032Moscow OblastVysokovsk
3%
1 122Leningrad OblastVysotsk
3%
10 292Vologda OblastVytegra
3%
13 764Moscow OblastYakhroma
3%
16 447Altai KraiYarovoye
3%
40 733Smolensk OblastYartsevo
3%
14 916Tula OblastYasnogorsk
3%
15 363Orenburg OblastYasny
3%
35 858Tula OblastYefremov
3%
27 371Chelyabinsk OblastYemanzhelinsk
3%
17 502Saratov OblastYershov
3%
38 611Khanty-Mansi Autonomous OkrugYugorsk
3%
6 470Kaluga OblastYukhnov
3%
7 600Ivanovo OblastYuryevets
3%
16 947Vladimir OblastYuryev-Polsky
3%
10 565Republic of DagestanYuzhno-Sukhokumsk
3%
9 647Lipetsk OblastZadonsk
3%
11 054Republic of BuryatiaZakamensk
3%
7 692Tver OblastZapadnaya Dvina
3%
20 419Moscow OblastZaraysk
3%
40 626Altai KraiZarinsk
3%
9 253Amur OblastZavitinsk
3%
8 532Ivanovo OblastZavolzhsk
3%
36 370Nizhny Novgorod OblastZavolzhye
3%
32 972Stavropol KraiZelenokumsk
3%
18 864Amur OblastZeya
3%
13 708Tambov OblastZherdevka
3%
5 433Kaluga OblastZhizdra
3%
17 449Bryansk OblastZhukovka
3%
5 218Bryansk OblastZlynka
3%
9 364Altai KraiZmeinogorsk
3%
6 193Tver OblastZubtsov
3%
19 860Republic of TatarstanAgryz
0%
5 213Irkutsk OblastAlzamay
0%
9 626Sakhalin OblastAniva
0%
18 915Republic of North Ossetia AlaniaArdon
0%
10 788Saratov OblastArkadak
0%
24 692Tomsk OblastAsino
0%
34 140Republic of TatarstanAznakayevo
0%
39 749Kabardino-Balkarian RepublicBaksan
0%
10 155Zabaikalsky KraiBaley
0%
14 717Ulyanovsk OblastBarysh
0%
21 176Republic of TatarstanBavly
0%
17 753Republic of BashkortostanBaymak
0%
39 457Rostov OblastBelaya Kalitva
0%
14 985Krasnoyarsk KraiBorodino
0%
23 868Voronezh OblastButurlinovka
0%
19 971Novosibirsk OblastCherepanovo
0%
11 365Nizhny Novgorod OblastChkalovsk
0%
14 023Novgorod OblastChudovo
0%
4 147Kostroma OblastChukhloma
0%
2 919Perm KraiChyormoz
0%
11 422Kurgan OblastDalmatovo
0%
28 545Perm KraiDobryanka
0%
11 731Sakhalin OblastDolinsk
0%
14 539Volgograd OblastDubovka
0%
9 770Altai KraiGornyak
0%
7 709Penza OblastGorodishche
0%
8 100Perm KraiGremyachinsk
0%
22 915Perm KraiGubakha
0%
25 682Stavropol KraiIpatovo
0%
4 022Vologda OblastKadnikov
0%
24 753Novosibirsk OblastKarasuk
0%
11 653Kurgan OblastKataysk
0%
36 358Samara OblastKinel
0%
15 982Tambov OblastKirsanov
0%
38 915Republic of DagestanKizilyurt
0%
6 430Nizhny Novgorod OblastKnyaginino
0%
2 324Kostroma OblastKologriv
0%
20 335Tomsk OblastKolpashyovo
0%
25 764Leningrad OblastKommunar
0%
25 295Republic of KareliaKondopoda
0%
5 420Belgorod OblastKorocha
0%
34 002Arkhangelsk OblastKoryazhma
0%
20 477Volgograd OblastKotovo
0%
19 462Republic of MordoviaKovylkino
0%
7 598Chuvash RepublicKozlovka
0%
17 777Republic of TatarstanKukmor
0%
31 715Nizhny Novgorod OblastKulebaki
0%
14 985Novosibirsk OblastKupino
0%
46 393Krasnodar KraiKurganinsk
0%
14 788Kurgan OblastKurtamysh
0%
26 439Orenburg OblastKuvandyk
0%
18 007Republic of BuryatiaKyakhta
0%
25 969Yamalo-Nenets Autonomous OkrugLabytnangi
0%
9 050Republic of TatarstanLaishevo
0%
19 173Lipetsk OblastLebedyan
0%
22 887Stavropol KraiLermontov
0%
41 726Khanty-Mansi Autonomous OkrugLyantor
0%
5 691Sakhalin OblastMakarov
0%
5 450Kostroma OblastMakaryev
0%
6 719Kurgan OblastMakushino
0%
15 686Republic of TatarstanMamadysh
0%
7 746Chuvash RepublicMariinsky Posad
0%
26 286Kabardino-Balkarian RepublicMaysky
0%
22 695Republic of TatarstanMendeleyevsk
0%
15 846Republic of TatarstanMenzelinsk
0%
15 394Republic of BashkortostanMezhgorye
0%
8 401Republic of KomiMikun
0%
10 953Astrakhan OblastNarimanov
0%
14 372Nizhny Novgorod OblastNavashino
0%
17 879Samara OblastNeftegorsk
0%
22 030Sverdlovsk OblastNevyansk
0%
7 239Leningrad OblastNovaya Ladoga
0%
14 922Volgograd OblastNovoanninsky
0%
2 938Oryol OblastNovosil
0%
15 004Saratov OblastNovouzensk
0%
18 213Belgorod OblastNovy Oskol
0%
18 146Arkhangelsk OblastNyandoma
0%
14 700Volgograd OblastPallasovka
0%
8 860Nizhny Novgorod OblastPerevoz
0%
12 441Volgograd OblastPetrov Val
0%
8 457Kurgan OblastPetukhovo
0%
12 873Kaliningrad OblastPionersky
0%
8 094Republic of KareliaPitkyaranta
0%
16 201Khanty-Mansi Autonomous OkrugPokachi
0%
18 932Rostov OblastProletarsk
0%
36 226Sverdlovsk OblastRezh
0%
8 722Smolensk OblastRudnya
0%
6 939Kemerovo OblastSalair
0%
23 074Republic of KareliaSegezha
0%
21 488Rostov OblastSemikarakorsk
0%
19 939Nizhny Novgorod OblastSergach
0%
9 618Republic of CrimeaShchyolkino
0%
41 184Irkutsk OblastShelekhov
0%
4 524Arkhangelsk OblastShenkursk
0%
4 958Saratov OblastShikhany
0%
16 185Kurgan OblastShumikha
0%
24 697Ryazan OblastSkopin
0%
27 496Altai KraiSlavgorod
0%
4 013Kaliningrad OblastSlavsk
0%
16 853Vladimir OblastSobinka
0%
5 459Kostroma OblastSoligalich
0%
8 173Novgorod OblastSoltsy
0%
1 858Arkhangelsk OblastSolvychegodsk
0%
9 922Republic of KhakassiaSorsk
0%
10 558Republic of CrimeaStary Krym
0%
17 547Republic of CrimeaSudak
0%
18 414Volgograd OblastSurovikino
0%
15 333Irkutsk OblastSvirsk
0%
19 932Yamalo-Nenets Autonomous OkrugTarko-Sale
0%
9 791Kaluga OblastTarusa
0%
8 978Karachay-Cherkessian RepublicTeberda
0%
10 302Republic of TatarstanTetyushi
0%
4 299Sakhalin OblastTomari
0%
32 478Chelyabinsk OblastTryokhgorny
0%
12 793Chuvash RepublicTsivilsk
0%
9 732Omsk OblastTyukalinsk
0%
7 686Sakhalin OblastUglegorsk
0%
19 177Lipetsk OblastUsman
0%
14 066Krasnoyarsk KraiUzhur
0%
35 167Vladimir OblastVyazniki
0%
11 189Kaluga OblastYermolino
0%
12 667Ivanovo OblastYuzha
0%
39 241Republic of TatarstanZainsk
0%
10 336Krasnoyarsk KraiZaozyorny
0%
7 760Murmansk OblastZaozyorsk
0%
14 231Murmansk OblastZapolyarny
0%
23 608Rostov OblastZernograd
0%
15 212Volgograd OblastZhirnovsk
0%
23 832Astrakhan OblastZnamensk
0%
9 538Kirov OblastZuyevka
0%
10 822Republic of Mari ElZvenigovo
0%
18 718Rostov OblastZverevo
0%

Score Distribution

Percentile by Number Answered

Percent of People with Each Score

Your Score History

You have not taken this quiz since the last reset